English Football Clubs with Mammal Nicknames - Statistics

General Stats
  • This quiz has been taken 791 times
  • The average score is 8 of 10
Answer Stats
Nickname Club % Correct
The Foxes Leicester City
98%
The Rams Derby County
97%
The Black Cats Sunderland
97%
The Tigers Hull City
96%
The Shrews Shrewsbury Town
91%
The Terriers Huddersfield Town
83%
The Lions Millwall
81%
The Stags Mansfield Town
61%
The Bulls Hereford
47%
The Seals Chester
14%
No matching quizzes found
Score Distribution
Percent of People with Each Score
Percentile by Number Answered
Your Score History
You have not taken this quiz